000 01026nas a2200361 4500
001 BR9604940
003 BR-BrBNA
005 20231205095830.0
007 ta
008 230509b bl.|||p| |||| 00| 00por d
040 _aBR-BrBNA
_bpor
_cBiblioteca Nacional de Agricultura
041 _a(Pt)
072 _aL51
100 1 _aTeixeira, J.C.
100 1 _aEvangelista, A.R.
100 1 _aFonseca, E.G.
100 1 _aFontes Junior, C.
100 1 _aOliveira, A.I.G. de
245 1 _aDegradabilidade "in situ" da materia seca, proteina bruta e fibra em detergente neutro da alfafa, leucena e cunha
650 _aAlfafa
650 _aLeucaena
650 _aCunha
650 _aFibra
650 _aProteina
650 _aDigestibilidade
650 _aRumen
650 _aForragem
650 _aRacao
650 _aMateria Seca
773 0 _tCiencia e Pratica (Brazil)
_xISSN 0100-3267
_g(Jan-Mar 1995), v. 19(1) p. 105-110
_wBR9604940
909 _a202311
_bLúcia
_c55
_dLúcia Elande
942 _2AGRIS
_n0
_cANA
999 _c152952
_d152952